1992 1498 1274 1454 1209 1036 1817 1229 1669 1847 1483 1218 1056 1430 1072 1875 1479 1920 1378 1430 1867 1712 1749 1216 1794 1509 1456 1184 1408 1149 1884 1545 1397 1116 1839 1361 1011 1389 1013 1177 1667 1085 1414 1636 1885 1303 1810 1130 1313 1982 1792 1858 1416 1564 1851 1237 1428 1641 1592 1664 1063 1244 1815 1080 1621 1279 1405 1216 1382 1250 1522 1751 1810 1792 1670 1879 1422 1607 1497 1364 1749 1530 1781 1976 1527 1396 1713 1998 1540 1926 1244 1943 1927 1903 1236 1541 1911 1139 1817 BCNSPRNW ULIB Ver.6.0+V

เปลี่ยนเป็นภาษาไทย

Change to English
 แสดงรายละเอียดบรรณานุกรม
  กลับหน้าหลัก

Brief Record : Get Marc (ISO 2709) : E-mail record : QR code < ปิดหน้าต่าง
LEADER : 00000nam 2200000uu 4500
001    13399114125
003     ULIB
008    110219s||||||||th 000 0 tha d
099    วจ.WY100.4^bน522ค
100 0  น้ำทิพย์ แสงจันทร์
245 00 ความสามารถในการวินิจฉัยทางการพยาบาลของนักศึกษาพยาบาล วิทยาลัยพยาบาลบรมราชชนนีสวรรค์ประชารักษ์/^cน้ำทิพย์ แสงจันทร์
260    นครสวรรค์:^bวิทยาลัยพยาบาลบรมราชชนนีสวรรค์ประชารักษ์,^c2547
300    54 หน้า
650  7 การวินิจฉัยทางการพยาบาล^xวิจัย
650  7 การพยาบาล^xการวินิจฉัย^xวิจัย
710 2  วิทยาลัยพยาบาลบรมราชชนนีสวรรค์ประชารักษ์ นครสวรรค์
945    ^p0^l0^i031003
995    ทศพร
999 ^a ใช้งานได้ทุกระบบ
รายการนี้ยังไม่มีแท็ก
คุณยังไม่ได้ล็อกอิน คุณสามารถมีกิจกรรมร่วมกับเว็บไซต์ได้ แต่ต้องล็อกอินก่อน ::
  ล็อกอิน

รายการสื่อสารสนเทศ

ลำดับที่ ประเภท เลขเรียก/บาร์โค้ด สถานที่ สถานะ
1. งานวิจัย
งานวิจัย
วจ.WY100.4 น522ค  
  Barcode: 031003
ห้องสมุดวิทยาเขตสวรรค์ประชารักษ์
►วิจัย
บนชั้น

BibComment


ยังไม่เคยถูกคอมเมนท์

คอมเมนท์ทรัพยากรรายการนี้
  คอมเมนท์: ความสามารถในการวิ..


 Copyright 2026. Bcnsprnw @Library